00374 2200157 4500001002100000005001500021035002000036245003300056100001700089300002600106260002800132082000800160084001400168020002200182990001200204INLIS00000000000300120250918090032 a0010-09250003481 aSweet Sonata /cKarumi Iyagi0 aKarumi Iyagi a227 hlm ;c13 x 19 cm aJakarta :bZettu,c2012 a813 a813 KAR s a978-602-7735-05-7 a0755632